书目信息 |
| 题名: |
毕业设计与答辩专题指导
|
|
| 作者: | 侯树基 , 张玉明 主编 | |
| 分册: | ||
| 出版信息: | 徐州 中国矿业大学出版社 1993.10 |
|
| 页数: | 148页 | |
| 开本: | 16开 | |
| 丛书名: | ||
| 单 册: | ||
| 中图分类: | TU2-42 | |
| 科图分类: | ||
| 主题词: | 建筑设计 | |
| 电子资源: | ||
| ISBN: | 7-81040-107-6 | |
| 000 | 00594nam0 2200193 45 | |
| 001 | 0102201088 | |
| 005 | 20050525085341.88 | |
| 010 | @a7-81040-107-6@d6.50元 | |
| 100 | @a20010220d1993 km y0chiy0120 ea | |
| 101 | 0 | @achi |
| 200 | 1 | @a毕业设计与答辩专题指导@ABi Ye She Ji Yu Da Bian Zhuan Ti Zhi Dao@f侯树基,张玉明主编@FHou Shu Ji,Zhang Yu Ming Zhu Bian |
| 210 | @a徐州@c中国矿业大学出版社@d1993.10 | |
| 215 | @a148页@d16开 | |
| 606 | 0 | @a建筑设计 |
| 690 | @aTU2-42@v3 | |
| 701 | 0 | @a侯树基@4主编 |
| 701 | 0 | @a张玉明@4主编 |
| 801 | @aCN@bPftUser@c20050525 | |
| 905 | @b322701-703@dTU2-42@eH357@f3 | |
| 毕业设计与答辩专题指导/侯树基,张玉明主编.-徐州:中国矿业大学出版社,1993.10 |
| 148页;16开 |
| ISBN 7-81040-107-6:6.50元 |
| ● |
| 相关链接 |
|
|
|
正题名:毕业设计与答辩专题指导
索取号:TU2-42/H357
 
预约/预借
| 序号 | 登录号 | 条形码 | 馆藏地/架位号 | 状态 | 备注 |
| 1 | 322701 | 203227016 | 自科二线404/404自科库 15排5列4层/ [索取号:TU2-42/H357] | 在馆 | |
| 2 | 322702 | 203227025 | 自科二线404/404自科库 15排5列4层/ [索取号:TU2-42/H357] | 在馆 | |
| 3 | 322703 | 203227034 | 建筑库101/101建筑库 31排3列5层/ [索取号:TU2-42/H357] | 在馆 | |
| 4 | 322704 | 203227043 | 建筑库101/101建筑库 31排3列5层/ [索取号:TU2-42/H357] | 在馆 | |
| 5 | 322744 | 203227445 | 自科二线404/404自科库 15排5列4层/ [索取号:TU2-42/H357] | 在馆 | |
| 6 | 322745 | 203227454 | 自科二线404/404自科库 15排5列4层/ [索取号:TU2-42/H357] | 在馆 | |
| 7 | 322746 | 203227463 | 建筑库101/101建筑库 31排3列5层/ [索取号:TU2-42/H357] | 在馆 | |
| 8 | 322747 | 203227472 | 自科二线404/404自科库 15排5列4层/ [索取号:TU2-42/H357] | 在馆 | |
| 9 | 322748 | 203227481 | 建筑库101/101建筑库 31排3列5层/ [索取号:TU2-42/H357] | 在馆 | |
| 10 | 322749 | 203227490 | 建筑库101/101建筑库 31排3列5层/ [索取号:TU2-42/H357] | 在馆 | |
| 11 | 322750 | 203227506 | 自科二线404/404自科库 15排5列4层/ [索取号:TU2-42/H357] | 在馆 | |
| 12 | 322751 | 203227515 | 自科二线404/404自科库 15排5列4层/ [索取号:TU2-42/H357] | 在馆 | |
| 13 | 322752 | 203227524 | 建筑库101/101建筑库 31排3列5层/ [索取号:TU2-42/H357] | 在馆 | |
| 14 | 322753 | 203227533 | 自科二线404/404自科库 15排5列4层/ [索取号:TU2-42/H357] | 在馆 | |
| 15 | 322754 | 203227542 | 自科二线404/404自科库 15排5列4层/ [索取号:TU2-42/H357] | 在馆 | |
| 16 | 322755 | 203227551 | 建筑库101/101建筑库 31排3列5层/ [索取号:TU2-42/H357] | 在馆 | |
| 17 | 322756 | 203227560 | 自科二线404/404自科库 1排3列6层/ [索取号:TU2-42/H357] | 在馆 |